header

New quinolones with potential anti-MRSA activity (Record no. 62268)

MARC details
000 -LEADER
fixed length control field 01612nam a2200349 a 4500
082 04 - DEWEY DECIMAL CLASSIFICATION NUMBER
Classification number 616.9/2061
100 1# - MAIN ENTRY--AUTHOR NAME
Personal name Emami, Saeed.
245 10 - TITLE STATEMENT
Title New quinolones with potential anti-MRSA activity
260 ## - PUBLICATION, DISTRIBUTION, ETC. (IMPRINT)
Place of publication New York :
Name of publisher Nova Science Publishers,
Year of publication c2010.
300 ## - PHYSICAL DESCRIPTION
Number of Pages xiv, 110 p. :
Other physical details ill.
490 1# - SERIES STATEMENT
Series statement Cancer etiology, diagnosis and treatments series
505 0# - FORMATTED CONTENTS NOTE
Formatted contents note History of quinolones development -- Mechanism of action -- Mechanisms of quinolone resistance in S. aureus -- General structural features (structure-activity relationships) -- Newer quinolones with potential anti-MRSA activity.
650 #0 - SUBJECT ADDED ENTRY--TOPICAL TERM
Topical Term Quinolone antibacterial agents.
Topical Term Staphylococcus aureus infections
856 40 - ELECTRONIC LOCATION AND ACCESS
Uniform Resource Identifier http://site.ebrary.com/lib/rucke/Doc?id=10671075

No items available.

© 2026 Rongo University
Contact us: librarian | system librarian | Rongo university